Geschichtsquiz Europa - Statistiken

Allgemein
  • Dieses Quiz wurde 83 mal gespielt
  • Das Durchschnittsergebnis liegt bei 9 aus 20
Antwortstatistiken
Hint Antwort % Korrekt
Erfinder des Automobils Carl Benz
77%
Hauptstadt des Osmanischen Reiches Konstantinopel
70%
Athener Philosoph; Schüler des Sokrates Platon
69%
Wurde am 21. Januar 1793 mit der Guillotine hingerichtet Ludwig XVI.
63%
Diese Nation wird 1949 unabhängig vom Vereinigten Königreich Irland
62%
Berühmter jugoslawischer Diktator Josip Broz Tito
58%
Erste industrialisierte Stadt Manchester
58%
Christoph Kolumbus‘ Flaggschiff Santa Maria
54%
Herrschergeschlecht, welches ab dem 13. Jh. immer mehr Staaten kontrollierte Habsburger
52%
Erster König Roms Romulus
52%
Monarchie, welche 1918 zerfiel und in seiner größten Ausdehnung 13 heutige Staaten umfasste Österreich-Ungarn
39%
Verbesserte den Wirkungsgrad der Dampfmaschine entscheidend James Watt
38%
Normannischer König Englands; kam 1066 an die Macht Wilhelm der Eroberer
34%
Lordprotektor Oliver Cromwell
32%
Führte den „Marsch auf Rom“ an Benito Mussolini
30%
An diesem Datum begann der 2. Weltkrieg 1. September 1939
28%
Name der portugiesischen Revolution 1974 Nelkenrevolution
28%
Augsburger Dramatiker des 20. Jahrhunderts Bertolt Brecht
23%
Etablierte Italienisch als Literatursprache Dante Alighieri
20%
Einer der blutigsten Schlachten der europäischen Geschichte, fand im Jahr 1813 statt Völkerschlacht von Leipzig
4%
Keine übereinstimmenden Quizze gefunden
Verteilung der Resultate
Anzahl Personen mit jedem Resultat
Perzentil nach korrekt beantworteten Fragen
Ihre Resultats-Entwicklung
Sie haben dieses Quiz noch nicht gespielt